Historie des mathématiques

Guardat en:
Dades bibliogràfiques
Autor principal: Montucla, Jean Etienne (autor)
Format: Llibre
Idioma:espanyol
Publicat: París Albert Blanchard 1968
Matèries:
Etiquetes: Afegir etiqueta
Sense etiquetes, Sigues el primer a etiquetar aquest registre!

MARC

LEADER 00000nam a2200000 a 4500
001 UCQ8244
003 CL-VaPUC
008 981209e19680000FR |||||||||||||||||spa|d
082 0 4 |a 510.9  |b MON  |2 21 
100 |a Montucla, Jean Etienne  |e autor  |9 422073 
245 1 0 |a Historie des mathématiques 
300 |a 4 v 
942 |c BK 
945 |d 19981209 00:00:00  |a crobeson 
260 |a París  |b Albert Blanchard  |c 1968 
650 0 |a Matemática  |9 260235 
650 0 |a Historia de las matemáticas   |9 265664 
650 7 |a MATEMATICOS  |2 CL-VaPUC  |9 266065 
583 |a last modification  |c 19981209 00:00:00  |k Rodrigo Vera 
999 |c 277529  |d 277527 
952 |0 0  |1 0  |4 0  |6 510_900000000000000_MON_1968  |7 0  |8 A  |9 315516  |a BIBMAT  |b BIBMAT  |d 2019-11-20  |h v.1  |i 1300032  |o 510.9 MON 1968  |p 1300032  |r 2025-01-07  |w 2019-11-20  |y BK  |k MAT 
952 |0 0  |1 0  |4 0  |6 510_900000000000000_MON_1968  |7 0  |8 A  |9 315517  |a BIBMAT  |b BIBMAT  |d 2019-11-20  |h v.2  |i 1300040  |o 510.9 MON 1968  |p 1300040  |r 2025-01-07  |w 2019-11-20  |y BK  |k MAT 
952 |0 0  |1 0  |4 0  |6 510_900000000000000_MON_1968  |7 0  |8 A  |9 315518  |a BIBMAT  |b BIBMAT  |d 2019-11-20  |h v.3  |i 1300059  |o 510.9 MON 1968  |p 1300059  |r 2025-01-07  |w 2019-11-20  |y BK  |k MAT 
952 |0 0  |1 0  |4 0  |6 510_900000000000000_MON_1968  |7 0  |8 A  |9 315519  |a BIBMAT  |b BIBMAT  |d 2019-11-20  |h v.4  |i 1300067  |o 510.9 MON 1968  |p 1300067  |r 2025-01-07  |w 2019-11-20  |y BK  |k MAT